书目信息 |
| 题名: |
路桥施工计算手册
|
|
| 作者: | 周水兴 编著 | |
| 分册: | ||
| 出版信息: | 北京 人民交通出版社 2001.10 |
|
| 页数: | 811页 | |
| 开本: | 26cm | |
| 丛书名: | ||
| 单 册: | ||
| 中图分类: | U4-62 | |
| 科图分类: | ||
| 主题词: | 公路运输 | |
| 电子资源: | ||
| ISBN: | 7-114-03855-0 | |
| 000 | 00568nam0 2200193 45 | |
| 001 | 0255984300 | |
| 005 | 2002051315330430 | |
| 010 | @a7-114-03855-0@dRMB 92.00 | |
| 100 | @a20020513d2001 km y0chiy0120 ea | |
| 101 | 0 | @achi |
| 102 | @aCN@b110000 | |
| 200 | 1 | @a路桥施工计算手册@Alu qiao shi gong ji suan shou ce@f周水兴等编著@Fzhou shui xing deng bian zhu |
| 210 | @a北京@c人民交通出版社@d2001.10 | |
| 215 | @a811页@d26cm | |
| 606 | 0 | @a公路运输 |
| 690 | @aU4-62@v3 | |
| 701 | 0 | @a周水兴@Azhou shui xing@4编著 |
| 801 | 0 | @aCN@bPFT@c20020513 |
| 905 | @a10447@dU4-62@eZ790 | |
| 路桥施工计算手册/周水兴等编著.-北京:人民交通出版社,2001.10 |
| 811页;26cm |
| ISBN 7-114-03855-0:RMB 92.00 |
| ● |
| 相关链接 |
|
|
|
正题名:路桥施工计算手册
索取号:U4-62/Z790
 
预约/预借
| 序号 | 登录号 | 条形码 | 馆藏地/架位号 | 状态 | 备注 |
| 1 | 365366 | 203653661 | 自科库501/ [索取号:U4-62/Z790] | 在馆 | |
| 2 | 365367 | 203653670 | 自科库501/ [索取号:U4-62/Z790] | 在馆 |